| 000 | 00642nam a2200181 i 4500 | ||
|---|---|---|---|
| 001 | 165614 | ||
| 003 | ES-MaACL | ||
| 005 | 20251013211838.0 | ||
| 008 | 050905s1861 fr | |||||||| ||fre d | ||
| 040 |
_aCAM _bspa _cCAM |
||
| 100 | 1 |
_aSouillié, Prosper. _9132850 |
|
| 245 | 1 | 3 |
_aLa Fontaine et ses devanciers ou Histoire de l'apologue jusqu'a La Fontaine inclusivement / _cpar P. Soullié. |
| 260 |
_aParis : _bAuguste Durand ; _aAngers : _bCosnier et Lachèse, _c1861. |
||
| 300 |
_aXV, 332 p. ; _c22 cm. |
||
| 600 | 1 | 4 |
_aLa Fontaine, Jean de, _d1621-1695 _969147 |
| 852 |
_aES-MaACL _jG-12551 _z-- Enc. hol. |
||
| 999 |
_c165614 _d165614 |
||